Govt. of
Madhya Pradesh

THE BLACK BOOK OF SOUL (Record no. 67544)

MARC details
000 -LEADER
fixed length control field 00259nam a22001097a 4500
082 ## - DEWEY DECIMAL CLASSIFICATION NUMBER
Classification number 150/TRI
100 ## - MAIN ENTRY--AUTHOR NAME
Personal name Trivedi, Deep
245 ## - TITLE STATEMENT
Title THE BLACK BOOK OF SOUL
260 ## - PUBLICATION, DISTRIBUTION, ETC. (IMPRINT)
Place of publication Mumbai
Name of publisher AATMAN innovation pvt ltd
Year of publication 2020
650 ## - SUBJECT ADDED ENTRY--TOPICAL TERM
Topical Term Philosophy
942 ## - ADDED ENTRY ELEMENTS (KOHA)
Koha item type Books
Holdings
Withdrawn status Lost status Damaged status Not for loan Home library Current library Date acquired Cost, normal purchase price Full call number Accession Number Price effective from Koha item type
        MACL MACL 23/10/2024 299.00 150/TRI DPI002930 23/10/2024 Books